| 000 | 00532nam a2200241Ia 4500 | ||
|---|---|---|---|
| 008 | 210210b1968 xxu||||| |||| 00| 0 eng d | ||
| 041 | _aeng | ||
| 082 | _a370/96 | ||
| 100 | _aWILLEY | ||
| 245 | _aSelf study manual for Indian universities and colleges | ||
| 260 |
_aDelhi _b- _c1968 |
||
| 650 | _auniversities | ||
| 650 | _astudy | ||
| 650 | _aSelf | ||
| 650 | _amanual | ||
| 650 | _aIndian | ||
| 650 | _afor | ||
| 650 | _acolleges | ||
| 650 | _aand | ||
| 690 | _aEducation | ||
| 700 | _aBRANCH | ||
| 906 | _a005036 | ||
| 999 |
_c128719 _d128719 |
||